LEADER 01488nam a2200313 4500 001 000000348054 003 CaOOAMICUS 005 20230320153652.0 008 211006s2020 it a 000 u ita r 020 $a978-88-937608-5-0 040 $aSeMil$bita 100 1 $aPernice, Luca Maria.$0(OLS)http://semarc/name/114785 245 10$aO.S.C.A.R. la resistenza scout :$blo scautismo clandestino dopo il 1943 /$cLuca Maria Pernice. 246 0 $aOSCAR la resistenza scout 264 1$aManfredonia :$bAndrea Pacilli,$c2020. 300 $a199 p. :$bill. ;$c21 cm 490 1 $aStorie ;$v10 600 14$aUccellini, Giulio Cesare, Kelly <1904-1957>.$0(OLS)http://semarc/subject/45859 600 14$aGhetti, Andrea, Baden .$0(OLS)http://semarc/subject/29213 650 4$aScoutismo - Italia - 1943-1945.$0(OLS)http://semarc/subject/51019 700 1 $aGrieco, Attilio.$0(OLS)http://semarc/name/117270 830 0$aStorie ;$v10.$0(OLS)http://semarc/title/42378 850 $aSeMil 852 $aSeMil$W1$xVenegono$y1$m3E II 404$j229498$B239095$CSeMilBibl$Z2$F239095 $81 996 $6020$a978-88-937608-5-0$9(OLS)http://semarc/number/294246 996 $6245$aO.S.C.A.R. la resistenza scout :$blo scautismo clandestino dopo il 1943$9(OLS)http://semarc/title/437381 996 $6246$aOSCAR la resistenza scout$9(OLS)http://semarc/title/437382 996 $6264$aManfredonia :$bAndrea Pacilli$9(OLS)http://semarc/publisher/60168 LEADER 01069nam a2200229 i 4500 001 000000073014 003 CaOOAMICUS 005 20090507000000.0 008 090507s1954 fr u000 u fre u 013 $a44186 040 $aSeMil$bita 100 1 $aDuméry, Henry <1920- >.$0(OLS)http://semarc/name/1280 245 10$aBlondel et la religion :$bessai critique sur la "Lettre" de 1896 /$cpar Henry Duméry. 260 $aParis :$bPresses Universitaires de France,$c1954. 300 $a118 p. ;$c22 cm. 490 0 $aBibliothèque de philosophie contemporaine 650 4$aBlondel, Maurice <1861-1949> - Pensiero religioso.$0(OLS)http://semarc/subject/13809 830 0$aBibliothèque de philosophie contemporaine.$0(OLS)http://semarc/title/9305 850 $aSeMil 852 $aSeMil$W1$xVenegono$y1$m2Q III 258$j39167$B39167$CSeMilBibl$Z2$F39170 $81 996 $6245$aBlondel et la religion :$bessai critique sur la "Lettre" de 1896$9(OLS)http://semarc/title/117853 996 $6260$aParis :$bPresses Universitaires de France$9(OLS)http://semarc/publisher/30047